Statistics for Band by guitarist

Click here to take the quiz!

General Stats

  • This quiz has been taken 2,732 times
    (2,730 since last reset)
  • The average score is 16 of 30

Answer Stats

HintAnswer% Correct
SlashGuns N' Roses
95%
Keith RichardsThe Rolling Stones
91%
Jimmy PageLed Zeppelin
89%
Angus YoungAC/DC
88%
Brian MayQueen
88%
Jack WhiteThe White Stripes
82%
Kirk HammetMetallica
81%
Pete TownshendThe Who
81%
The EdgeU2
80%
Billie Joe ArmstrongGreen Day
79%
Noel GallagherOasis
78%
David GilmourPink Floyd
78%
Tony IommiBlack Sabbath
68%
Tom MorelloRage Against the Machine
68%
Mark KnopflerDire Straits
63%
Duane AllmanThe Allman Brothers Band
60%
John FruscianteRed Hot Chili Peppers
58%
Jerry GarciaGrateful Dead
50%
Dave NavarroJane's Addiction
38%
Matt BellamyMuse
38%
Johnny MarrThe Smiths
30%
Johnny GreenwoodRadiohead
26%
Stone GossardPearl Jam
25%
Graham CoxonBlur
21%
Dan AuerbachThe Black Keys
18%
Thurston MooreSonic Youth
17%
Albert Hammond Jr.The Strokes
15%
Omar Rodriguez-LopezThe Mars Volta
11%
Kevin ShieldsMy Bloody Valentine
7%
Nick ZinnerYeah Yeah Yeahs
5%

Score Distribution

Percentile by Number Answered

Percent of People with Each Score

Your Score History

You have not taken this quiz since the last reset